Teorii inercieľnovo polja i kvantovoj korreljacii /

Saved in:
Bibliographic Details
Main Authors: Davtjan, Oleg Karapetovič (Author), Karamjan, Gagik Gurgenovič (Author)
Format: Book
Published: Jerevan : Izdateľstvo Akademii nauk Armenskoj SSR, 1987
Tags: Add Tag
No Tags, Be the first to tag this record!

MARC

LEADER 00000nam a22000003a 4500
001 stu15439
005 20150617225800.4
008 ------s1987----xxr---------------------d
040 |a STU  |b slo 
041 0
044 |a xxr 
080 |a 530.145 
100 1 |a Davtjan, Oleg Karapetovič  |4 aut 
245 1 |a Teorii inercieľnovo polja i kvantovoj korreljacii /  |c [aut.]Davtjan,Oleg Karapetovič, Karamjan,Gagik Gurgenovič 
260 |a Jerevan :  |b Izdateľstvo Akademii nauk Armenskoj SSR,  |c 1987 
300 |a 134 s :  |b Literatúra 
700 1 |a Karamjan, Gagik Gurgenovič  |4 aut 
996 |b C80293  |c C*80293  |l CCV  |s P  |a 0  |w stu15439_0001